000 00725nam a2200217 i 4500
001 bg
100 1 _aMATUSZKIEWICZ, Jan Marek
_d(1946- )
245 1 0 _aZespoły leśne Polski /
_cJan Marek Matuszkiewicz.
260 _aWarszawa :
_bWydaw. Naukowe PWN,
_c2001.
300 _a357, [2] s., [16] s. tabl., [1] k. tabl. złoż. luzem :
_bil. kolor., mapy, err. ;
_c25 cm.
504 _aBibliogr. - Indeks.
650 9 _aLas
_xekologia
_zPolska
020 _a8301134011
040 _cBPK
041 0 _apl
080 _a581.5:630.18](438)
920 _a83-01-13401-1
942 _cKS
008 s pl f |000 0 pol
999 _c41124
_d41124
856 _uhttp://koha.tu.koszalin.pl/cgi-bin/koha/opac-detail.pl?biblionumber=41124
_yKatalog online BPK